| 000 | 00657nam a2200193Ia 4500 | ||
|---|---|---|---|
| 003 | GCL | ||
| 008 | 140319s9999 xx 000 0 ara d | ||
| 040 |
_aGCL / _cGCL |
||
| 082 | 0 | 4 |
_a254.1 _bع ش |
| 100 | 1 | _aعكاشة عبدالمنان الطيبى | |
| 245 | 1 | 0 |
_aشريكة حياتى: صفات الزوجة الصالحة والزوج الصالح / _cعكاشة عبدالمنان الطيبى |
| 260 |
_a[S.N] : _bمكتبة التراث الاسلامى ، _c1989 |
||
| 300 | _a100 ص | ||
| 490 | _a | ||
| 650 | 0 | 4 | _aالاحوال الشخصية |
| 650 | 0 | 4 | _aالشريعة الاسلامية |
| 650 | 0 | 4 | _aالزوجات |
| 942 |
_2ddc _cBK |
||
| 999 |
_c33647 _d33647 |
||